Museo Franz Mayer Tlalpan (Record no. 6967)

MARC details
000 -CABECERA
campo de control de longitud fija 00751nam a2200217 a 4500
001 - NÚMERO DE CONTROL
campo de control BRCA_7289
005 - FECHA Y HORA DE LA ÚLTIMA TRANSACCIÓN
campo de control 20190320205800.0
008 - DATOS DE LONGITUD FIJA--INFORMACIÓN GENERAL
campo de control de longitud fija 020412s1998----mx-ae#####---#000-0#spa-#
041 ## - CÓDIGO DE LENGUA
Código de lengua del texto/banda sonora o título independiente spa
044 ## - CÓDIGO DEL PAÍS DE LA ENTIDAD EDITORA/PRODUCTORA
Código MARC del país mx
050 #4 - SIGNATURA TOPOGRÁFICA DE LA BIBLIOTECA DEL CONGRESO
Número de clasificación N910.M42
Número de documento/Ítem .G66 1998
100 1# - ENTRADA PRINCIPAL--NOMBRE DE PERSONA
Nombre de persona Gonzalez Zavala, Verónica
9 (RLIN) 18038
245 10 - MENCIÓN DE TÍTULO
Título Museo Franz Mayer Tlalpan
Resto del título un espacio para la cultura, conservación y diversión.
260 ## - PUBLICACIÓN, DISTRIBUCIÓN, ETC.
Lugar de publicación, distribución, etc. Ciudad de México
Fecha de publicación, distribución, etc. 1998
300 ## - DESCRIPCIÓN FÍSICA
Extensión i, 135 p.
Otras características físicas il., planos
Dimensiones 22 cm.
502 ## - NOTA DE TESIS
Nota de tesis Tesis Licenciatura (Licenciado en Arquitectura) Universidad Iberoamericana
610 24 - PUNTO DE ACCESO ADICIONAL DE MATERIA--NOMBRE DE ENTIDAD CORPORATIVA
Nombre de entidad corporativa o nombre de jurisdicción como elemento de entrada Museo Franz Mayer (Ciudad de México)
Subdivisión general Proyecto arquitectónico
9 (RLIN) 18039
700 1# - PUNTO DE ACCESO ADICIONAL--NOMBRE DE PERSONA
Nombre de persona Vieyra Salazar, Norma Lorena
Término indicativo de función/relación coaut.
9 (RLIN) 18040
902 ## - CATALOGADOR
Iniciales TES
942 ## - ELEMENTOS DE PUNTO DE ACCESO ADICIONAL (KOHA)
Fuente del sistema de clasificación o colocación Library of Congress Classification
Tipo de ítem Koha Tesis
Holdings
Estado de retiro Estado de pérdida Estado dañado No para préstamo Localización permanente Ubicación/localización actual Fecha de adquisición Total de préstamos Signatura topográfica completa Código de barras Fecha visto por última vez Precio válido a partir de Tipo de ítem Koha
El ejemplar forma parte de la colección y puede ser consultado según las políticas vigentes.       Biblioteca del Museo Franz Mayer (Rogerio Casas-Alatriste) Biblioteca del Museo Franz Mayer (Rogerio Casas-Alatriste) 02/04/2012   N910.M42 .G66 1998 TES00054 22/03/2019 22/03/2019 Tesis